000 00826cab a22001935a 4500
001 L146759
008 090224e20090220xxko f 000 0 eng d
035 _a(Sirsi) u146759
041 0 _aeng
100 1 _aMorrison, Doug
245 0 0 _aTheir cover's blown
260 _c2009
490 _aProperty Week
_v75(8) 20 February 2009, 36-38(3)
520 _aDiscusses the move by the Tenancy Deposit Scheme (TDS) to withdraw insurance protection for deposits held by letting agents that are not regulated by one of their specified trade bodies. Looks at the options available to the agents and landlords affected, as well as other options.
590 _aKA
651 4 _aEngland and Wales
_y1543-
690 _aPROPERTY-RESIDENTIAL PROPERTY-RESIDENTIAL LANDLORD AND TENANT-RESIDENTIAL TENANCIES-ASSURED TENANCIES
942 _n0
999 _c81280
_d81280